| 000 | 00652 a2200193 4500 | ||
|---|---|---|---|
| 020 | _a3642214800 (hardcover) | ||
| 020 | _a9783642214806 (hardcover) | ||
| 082 | _a536.7 | ||
| 090 |
_c1725 _d1725 |
||
| 100 | 1 | _aTahir-Kheli, Raza. | |
| 245 | 1 | 0 |
_aGeneral and statistical thermodynamics / _cRaza Tahir-Kheli. |
| 250 | _a2012th ed. | ||
| 260 |
_a[S.l.] : _bSpringer, _c2012. |
||
| 300 |
_a650 p. ; _c25 cm. |
||
| 490 | 1 | _aGraduate texts in physics. | |
| 830 | 0 | _aGraduate texts in physics. | |
| 942 |
_aSNS _cBK _k536.7 TAH |
||
| 999 |
_c30332 _d30332 |
||